000 00451nam a2200157Ia 4500
005 20241107101222.0
008 240126s9999 xx 000 0 und d
020 _a9781593275990
082 _a001.6424PYT SWE;1
100 _aSweigart, A L.
245 0 _aAutomate the boring stuff with python : practical programming for total beginners
260 _bNo Starch press
_aSan Francisco
_c2015
300 _axxi, 479
440 _aNULL
942 _cPU
999 _c287142
_d287142